000 00595nam a2200205Ia 4500
003 OSt
005 20251218151400.0
008 221004b |||||||| |||| 00| 0 ben d
037 _cTB
040 _aCRL
_cCRL
_bben
041 _2ben
_aben
084 _aO15,1A2 157[P9]
_qAL
100 _aBasu,Busshadev
_9634095
245 0 _aMahabharater katha
260 _c2009.
650 _a SANSKRIT LITERATURE
_9857865
650 _aSANSKRIT LITERATURE
_9857866
942 _hO15,1A2, 157[P9]
_cTB
_2cc
_n0
999 _c1048229
_d1048229